| 000 | 00489 a2200169 4500 | ||
|---|---|---|---|
| 005 | 20250410161838.0 | ||
| 020 | _a978- 007713836-3 | ||
| 082 | _a657 MCK | ||
| 100 | _aMCKEITH, J. | ||
| 245 | _aFinancial Accounting and Reporting . | ||
| 250 | _a2nd Ed. | ||
| 260 |
_aNew York, _bMcgraw- Hill Irwin, _c2013. |
||
| 300 |
_axix,790p.: Ill.;figures. _bIndex _c26cm. |
||
| 700 | _aCOLLINS, B. | ||
| 856 |
_yAccess Online Book _fFinancial Accounting _dwww.mcgraw-hill.com.uk |
||
| 942 |
_2ddc _cBKS |
||
| 999 |
_c1290 _d1290 |
||